000 00307nam a22001217a 4500
008 260424b |||||||| |||| 00| 0 eng d
082 _a001290
100 _aTivari, Shashi
245 _aA History of Vedic Literature
260 _aDelhi
_bNew Bharatiya Book Corporation
_c2021
300 _a302p
942 _2ddc
999 _c1318
_d1318